Ferroconcrete cases, sausage migrants, and Santa Barbara

Titel: Ferroconcrete cases, sausage migrants, and Santa Barbara : self-reflexive metaphors among Russian-speaking refugees in Estonia / Anastasiya Astapova
Verfasser:
In: Journal of Baltic studies, Band 51, Heft 1 (2020), Seite 87-103
alle Artikel anzeigen
Veröffentlicht: 2020
Umfang: Illustrationen
Format: Aufsatz
Sprache: Englisch
Schlagworte:
Kein Bild verfügbar
X
alg: 46057169
001A    $03025:05-03-20 
001B    $01999:11-11-24 $t22:49:54.000 
001D    $03025:05-03-20 
001U    $0utf8 
001X    $00 
002@    $0Oou 
002C    $aText $btxt $2rdacontent 
002D    $aComputermedien $bc $2rdamedia 
002E    $aOnline-Ressource $bcr $2rdacarrier 
003@    $0460571699 
004P    $010.1080/01629778.2019.1623277 
007A    $0460571699 $aHEB 
010@    $aeng 
010E    $erda 
011@    $a2020 
021A    $aFerroconcrete cases, sausage migrants, and Santa Barbara $dself-reflexive metaphors among Russian-speaking refugees in Estonia $hAnastasiya Astapova 
028A    $BVerfasser $4aut $8Astapova, Anastasiya$Z1986- [Tp3] $9477092195 
031A    $d51 $e1 $g17 $h87-103 $j2020 
034M    $aIllustrationen 
039B    $aEnthalten in $8--Obvc--. Journal of Baltic studies. - London {[u.a.] : Routledge, part of the Taylor & Francis Group, 1972-. - Online-Ressource. - ISSN 1751-7877 $x202000000510001913 $9181873397 
044K    $RGouvernement Estland $REstnische Sozialistische Sowjetrepublik $#Estland $#Estland $#Republik Estland $#Estnische Republik $#Eesti $#Eesti Vabariik $#EV $#Estonia $#Republic of Estonia $#Estonie $#Ėstonskaja Respublika $74015587-0 $8Estland [Tg1] $9085035777 
044K    $RUkrainische SSR $#Ukraine $#Ukraine $#Украïна $#Ukrainische SSR $#Ukrajina $#Ukraina $#Ukraïna Ukraine $#Ukraina Ukraine $#Ukrajna $74061496-7 $8Ukraine [Tgz] $9085170801 
044K    $RMobilität $RRegionale Mobilität $#Emigration and immigration $#Émigration et immigration $#migration $#Migration $#Bevölkerungswanderung $#Wanderung Soziologie $#Wanderungen $#Wanderungsbewegung $74120730-0 $8Migration [Ts1] $9085386928 
044K    $RVertriebener $RWeiblicher Flüchtling $RAuswanderer $RDisplaced Person $#Refugees $#Réfugiés $#Refugiados $#Flüchtlinge $#Flüchtling $#Emigrant Flüchtling $#Flüchtlinge $#Geflüchteter $#Geflüchtete $#Mensch mit Fluchthintergrund $#Menschen mit Fluchthintergrund $74017604-6 $8Flüchtling [Ts1] $9085041130 
044K    $ROstslawische Sprachen $#Russian language $#Russe (langue) $#Großrussisch $#Russische Sprache $74051038-4 $8Russisch [Tsz] $9085142212 
044K    $RReligion $RMuslim $#Islam $#Islam $#Islamismo $#Islamismo $#Islam $#Islam $#Islam $74027743-4 $8Islam [Tsz] $9085071021 
044K    $RPolitische Auseinandersetzung $#Legislative bodies Freedom of debate $#Parlements Liberté de parole $#Parlamentsdebatte $#Debatte Parlament $74173376-9 $8Parlamentsdebatte [Ts1] $9085804576 
045F    $a304.60947980905 $eDDC23BSB 
045F/01 $a304.609 
045F/03 $f0905 
045F/03 $g4798 
045R    $aSozialgeschichte 2016- 
045T    $a7,41 

lok: 46057169 78

exp: 46057169 78 1 #EPN
201B/01 $005-03-20 $t15:57:45.000 
201C/01 $005-03-20 
201U/01 $0utf8 
203@/01 $01085379795 
208@/01 $a05-03-20 $be 
209A/01 $a/ $f000 $x00 
209A/01 $ab*p $x01 
209S/01 $uhttps://doi.org/10.1080/01629778.2019.1623277 $XH 
220C/01 $akoe 
247C/01 $82080>Marburg/Lahn, Herder-Institut, Forschungsbibliothek, Bibliographieportal $9336309341
LEADER 00000caa a2200000 c 4500
001 460571699
003 DE-603
005 20241111224954.0
007 cr||||||||||||
008 200305s2020 xx |||| o| u00||u|eng c
024 7 |a 10.1080/01629778.2019.1623277  |2 doi 
035 |a (DE-599)HEB460571699 
040 |a DE-603  |b ger  |c DE-603  |d DE-603  |e rda 
041 |a eng 
082 0 4 |8 1\u  |a 304.60947980905  |q DE-101  |2 23/BSB 
084 |a 7,41  |2 ssgn 
085 |8 1\u  |b 304.609 
085 |8 1\u  |z 1  |s 0905 
085 |8 1\u  |z 2  |s 4798 
100 1 |a Astapova, Anastasiya  |d 1986-  |e Verfasser  |4 aut  |0 (DE-603)477092195  |0 (DE-588)1229524037  |2 gnd 
245 0 0 |a Ferroconcrete cases, sausage migrants, and Santa Barbara  |b self-reflexive metaphors among Russian-speaking refugees in Estonia  |c Anastasiya Astapova 
264 0 |c 2020 
300 |b Illustrationen 
336 |a Text  |b txt  |2 rdacontent 
337 |a Computermedien  |b c  |2 rdamedia 
338 |a Online-Ressource  |b cr  |2 rdacarrier 
648 7 |a Sozialgeschichte 2016-  |2 gnd 
650 7 |a Migration  |0 (DE-588)4120730-0  |0 (DE-603)085386928  |2 gnd 
650 7 |a Flüchtling  |0 (DE-588)4017604-6  |0 (DE-603)085041130  |2 gnd 
650 7 |a Russisch  |0 (DE-588)4051038-4  |0 (DE-603)085142212  |2 gnd 
650 7 |a Islam  |0 (DE-588)4027743-4  |0 (DE-603)085071021  |2 gnd 
650 7 |a Parlamentsdebatte  |0 (DE-588)4173376-9  |0 (DE-603)085804576  |2 gnd 
651 7 |a Estland  |0 (DE-588)4015587-0  |0 (DE-603)085035777  |2 gnd 
651 7 |a Ukraine  |0 (DE-588)4061496-7  |0 (DE-603)085170801  |2 gnd 
773 0 8 |i Enthalten in  |t Journal of Baltic studies  |d London ˜[u.a.] œ: Routledge, part of the Taylor & Francis Group, 1972-  |h Online-Ressource  |x 1751-7877  |g Band 51, Heft 1 (2020), Seite 87-103  |w (DE-603)181873397  |w (DE-600)2254161-5 
924 1 |9 2080  |a (DE-603)1085379795  |b DE-2080  |c HES  |d d  |g /  |k https://doi.org/10.1080/01629778.2019.1623277